Materials Science for Engineering Students / (Record no. 12830)
[ view plain ]
| 000 -LEADER | |
|---|---|
| fixed length control field | 01547cam a2200313 a 4500 |
| 001 - CONTROL NUMBER | |
| control field | 15456453 |
| 005 - DATE AND TIME OF LATEST TRANSACTION | |
| control field | 20090901083130.0 |
| 008 - FIXED-LENGTH DATA ELEMENTS--GENERAL INFORMATION | |
| fixed length control field | 080918s2009 ne a b 001 0 eng |
| 010 ## - LIBRARY OF CONGRESS CONTROL NUMBER | |
| LC control number | 2008041352 |
| 020 ## - INTERNATIONAL STANDARD BOOK NUMBER | |
| International Standard Book Number | 0123735874 (hbk.) |
| 020 ## - INTERNATIONAL STANDARD BOOK NUMBER | |
| International Standard Book Number | 9780123735874 (hbk.) |
| 035 ## - SYSTEM CONTROL NUMBER | |
| System control number | (OCoLC)ocn150366050 |
| 035 ## - SYSTEM CONTROL NUMBER | |
| System control number | (OCoLC)150366050 |
| 040 ## - CATALOGING SOURCE | |
| Original cataloging agency | DLC |
| Transcribing agency | DLC |
| Modifying agency | BTCTA |
| -- | BAKER |
| -- | OHX |
| -- | YDXCP |
| -- | C#P |
| -- | BWX |
| -- | CDX |
| -- | DLC |
| 050 00 - LIBRARY OF CONGRESS CALL NUMBER | |
| Classification number | TA403 |
| Item number | .F523 2009 |
| 082 00 - DEWEY DECIMAL CLASSIFICATION NUMBER | |
| Classification number | 620.11 |
| Edition number | 22 |
| Item number | FIS |
| 100 1# - MAIN ENTRY--PERSONAL NAME | |
| Personal name | Fischer, Traugott E. |
| 9 (RLIN) | 9054 |
| 245 10 - TITLE STATEMENT | |
| Title | Materials Science for Engineering Students / |
| Statement of responsibility, etc | Traugott Fischer. |
| 260 ## - PUBLICATION, DISTRIBUTION, ETC. (IMPRINT) | |
| Place of publication, distribution, etc | Amsterdam ; |
| -- | Burlington, MA : |
| Name of publisher, distributor, etc | Elsevier/Academic Press, |
| Date of publication, distribution, etc | c2009. |
| 300 ## - PHYSICAL DESCRIPTION | |
| Extent | xiv, 581 p. : |
| Other physical details | ill. (some col.) ; |
| Dimensions | 25 cm. |
| 504 ## - BIBLIOGRAPHY, ETC. NOTE | |
| Bibliography, etc | Includes bibliographical references and index. |
| 650 #0 - SUBJECT ADDED ENTRY--TOPICAL TERM | |
| Topical term or geographic name as entry element | Materials science |
| Form subdivision | Textbooks. |
| 9 (RLIN) | 9055 |
| 653 ## - INDEX TERM--UNCONTROLLED | |
| Resource For college | |
| Arrived date list | April2011 |
| 856 41 - ELECTRONIC LOCATION AND ACCESS | |
| Materials specified | Online instructor support, including solutions manual, image bank, and other resources |
| Uniform Resource Identifier | <a href="www.textbooks.elsevier.com">www.textbooks.elsevier.com</a> |
| 942 ## - ADDED ENTRY ELEMENTS (KOHA) | |
| Source of classification or shelving scheme | Dewey Decimal Classification |
| Item type | Book - Borrowing |
| Withdrawn status | Item status | Source of classification or shelving scheme | Damaged status | Not for loan | Vendor | Home library | Current library | Shelving location | Date acquired | Source of acquisition | Total Checkouts | Total Renewals | Full call number | Barcode | Date last seen | Date last borrowed | Koha item type | Cost, normal purchase price | Serial Enumeration / chronology |
|---|---|---|---|---|---|---|---|---|---|---|---|---|---|---|---|---|---|---|---|
| Dewey Decimal Classification | Baccah | Central Library | Central Library | First floor | 21/10/2009 | 8 | 29 | 620.11 FIS | 000018447 | 15/07/2025 | 11/12/2017 | Book - Borrowing | |||||||
| Dewey Decimal Classification | Baccah | Central Library | Central Library | First floor | 13/04/2011 | 8 | 33 | 620.11 FIS | 000023218 | 15/07/2025 | 27/11/2019 | Book - Borrowing | 428.00 | 11997 |